Countries by Northern Border Quiz - Statistics

General Stats
  • This quiz has been taken 55 times
  • The average score is 19 of 20
Answer Stats
Country Northern Border(s) % Correct
Nepal China
100%
Finland Norway
100%
Chile Peru
100%
Portugal Spain
100%
Mexico United States
100%
Bolivia Brazil
98%
Latvia Estonia
98%
Czech Republic Germany | Poland
98%
Yemen Saudi Arabia
98%
Kuwait Iraq
96%
Jordan Syria
96%
Malaysia Brunei | Thailand
94%
South Korea North Korea
94%
Armenia Georgia
92%
Uzbekistan Kazakhstan
92%
Moldova Ukraine
92%
Burkina Faso Mali
91%
Equatorial Guinea Cameroon
81%
Sierra Leone Guinea
81%
Uganda South Sudan
79%
No matching quizzes found
Score Distribution
Percent of People with Each Score
Percentile by Number Answered
Your Score History
You have not taken this quiz